Landscape Policies And Design Approch For Chatri Lake At Amaravati, Maharashtra, India (Record no. 362056)
[ view plain ]
| 000 -LEADER | |
|---|---|
| fixed length control field | 00333nam a2200097Ia 4500 |
| 008 - FIXED-LENGTH DATA ELEMENTS--GENERAL INFORMATION | |
| fixed length control field | 241105s9999 xx 000 0 und d |
| 041 ## - LANGUAGE CODE | |
| Language code of text/sound track or separate title | eng |
| 100 ## - MAIN ENTRY--PERSONAL NAME | |
| Personal name | Deshmukh Vaishnavi |
| 9 (RLIN) | 184213 |
| 245 ## - TITLE STATEMENT | |
| Title | Landscape Policies And Design Approch For Chatri Lake At Amaravati, Maharashtra, India |
| 260 ## - PUBLICATION, DISTRIBUTION, ETC. (IMPRINT) | |
| Name of publisher, distributor, etc. | BNCA M Arch Landscape Architecture |
| Date of publication, distribution, etc. | 2022 |
No items available.